Name Characters First & Last Names - Harry Potter Movies - Statistics

General Stats
  • This quiz has been taken 597 times
    457 since last reset
  • The average score is 117 of 218
Answer Stats
Hint Answer % Correct
Characters Harry
98%
Characters Potter
98%
Characters Ginny
95%
Characters James
95%
Characters Lily
95%
Characters Ron
95%
Characters Weasley
95%
Characters Fred
93%
Characters George
93%
Characters Molly
90%
Characters Albus Severus
89%
Characters Arthur
89%
Characters Albus
87%
Characters Bill
87%
Characters Percy
87%
Characters Charlie
84%
Characters Draco
82%
Characters Dumbledore
82%
Characters Hermione
82%
Characters Malfoy
82%
Characters Patil
82%
Characters Thomas
82%
Characters Granger
80%
Characters Hedwig
79%
Characters Longbottom
79%
Characters Lucius
79%
Characters Neville
79%
Characters Bell
77%
Characters Fleur
77%
Characters Lupin
77%
Characters Parkinson
77%
Characters Parvati
77%
Characters Quirrell
77%
Characters Black
75%
Characters Dean
75%
Characters Delacour
75%
Characters Greyback
75%
Characters Lovegood
75%
Characters Luna
75%
Characters Narcissa
75%
Characters Blaise
74%
Characters Dudley
74%
Characters Dursley
74%
Characters Minerva
74%
Characters Cedric
72%
Characters Diggory
72%
Characters McGonagall
72%
Characters Pomfrey
72%
Characters Remus
72%
Characters Sirius
72%
Characters Snape
72%
Characters Petunia
70%
Characters Severus
70%
Characters Thomas
70%
Characters Vernon
70%
Characters Angelina
69%
Characters Crookshanks
69%
Characters Sprout
69%
Characters Katie
67%
Characters Scabbers
67%
Characters Aberforth
66%
Characters Carrow
66%
Characters Goyle
66%
Characters Krum
66%
Characters Marge
66%
Characters Finnigan
64%
Characters Viktor
64%
Characters Xenophilius
64%
Characters Chang
62%
Characters Cho
62%
Characters Crabbe
62%
Characters Flint
62%
Characters Hagrid
62%
Characters Hooch
62%
Characters Seamus
62%
Characters Alice
61%
Characters Fat Lady
61%
Characters Flitwick
61%
Characters Frank
61%
Characters Fudge
61%
Characters Justin
61%
Characters Stan
61%
Characters Amos
59%
Characters Brown
59%
Characters Cornelius
59%
Characters Dobby
59%
Characters Ernie
59%
Characters Figg
59%
Characters Gabrielle
59%
Characters Lestrange
59%
Characters Nearly Headless Nick
59%
Characters Rubeus
59%
Characters Tonks
59%
Characters Umbridge
59%
Characters Alastor
57%
Characters Ariana
57%
Characters Bellatrix
57%
Characters Crouch
57%
Characters Dolores
57%
Characters Lavender
57%
Characters Moody
57%
Characters Ollivander
57%
Characters Riddle
57%
Characters Tom
57%
Characters Barty Jr
56%
Characters Barty Sr
56%
Characters Fang
56%
Characters Filius
56%
Characters Firenze
56%
Characters Nymphadora
56%
Characters Vincent
56%
Characters Buckbeak
54%
Characters Filch
54%
Characters Fluffy
54%
Characters Gregory
54%
Characters Kingsley
54%
Characters Shunpike
54%
Characters Argus
52%
Characters Kreacher
52%
Characters Norbert
52%
Characters Bloody Baron
51%
Characters Maxime
51%
Characters Olympe
51%
Characters Riddle
51%
Characters Sybill
51%
Characters Trelawney
51%
Characters Colin
49%
Characters Elphias
49%
Characters Errol
49%
Characters Igor
49%
Characters Karkaroff
49%
Characters Lockhart
49%
Characters Pius
49%
Characters Shacklebolt
49%
Characters Trevor
49%
Characters Aragog
48%
Characters Creevey
48%
Characters Gilderoy
48%
Characters Peter
48%
Characters Regulus
48%
Characters Slughorn
46%
Characters Cormac
44%
Characters Horace
44%
Characters Oliver
44%
Characters Pettigrew
44%
Characters Wood
44%
Characters Godric
43%
Characters Griphook
43%
Characters Gryffindor
43%
Characters Hufflepuff
43%
Characters McLaggen
43%
Characters Ravenclaw
43%
Characters Slytherin
43%
Characters Bones
41%
Characters Dolohov
41%
Characters Fletcher
41%
Characters Grubbly-Plank
41%
Characters Helga
41%
Characters Rufus
41%
Characters Salazar
41%
Characters Susan
41%
Characters Yaxley
41%
Characters Andromeda
39%
Characters Dippet
38%
Characters Mundungus
38%
Characters Rowena
38%
Characters Scrimgeour
38%
Characters Fawkes
36%
Characters Grawp
36%
Characters Helena
36%
Characters Bagshot
34%
Characters Bathilda
34%
Characters Macnair
34%
Characters Mary
34%
Characters Ignotus
33%
Characters Moaning Myrtle
33%
Characters Peverell
33%
Characters Ripper
33%
Characters Nagini
31%
Characters Cattermole
30%
Characters Mrs Norris
30%
Characters Rowle
30%
Characters Bulstrode
28%
Characters Clearwater
28%
Characters Gregorovitch
28%
Characters Marcus
28%
Characters Millicent
28%
Characters Penelope
28%
Characters Rita
28%
Characters Romilda
28%
Characters Skeeter
28%
Characters Vane
28%
Characters Burbage
26%
Characters Cadmus
26%
Characters Hopkirk
26%
Characters Mafalda
26%
Characters Reginald
26%
Characters Albert
25%
Characters Charity
25%
Characters Gellert
25%
Characters Grindelwald
25%
Characters Runcorn
25%
Characters Antioch
23%
Characters Dawlish
23%
Characters Belby
21%
Characters Nigel
21%
Characters Madame Rosemerta
20%
Characters Flamel
16%
Characters Nicolas
16%
Characters Jones
15%
Characters Bogrod
13%
Characters Gwenog
8%
Characters Newt
8%
Characters Scamander
8%
Characters Tiberius
8%
Characters Barnabas
5%
Characters Cuffe
5%
Characters Francis
5%
No matching quizzes found
Score Distribution
Percent of People with Each Score
Percentile by Number Answered
Your Score History
You have not taken this quiz since the last reset